<?xml version="1.0" encoding="UTF-8"?>
<collection xmlns="http://www.loc.gov/MARC21/slim">
  <record>
    <leader>00000nam  2200000   4500</leader>
    <controlfield tag="001">INLIS000000000053575</controlfield>
    <datafield tag="990" ind1="#" ind2="#">
      <subfield code="a">01201808232</subfield>
    </datafield>
    <controlfield tag="005">20181022105809</controlfield>
    <datafield tag="035" ind1="#" ind2="#">
      <subfield code="a">0010-1018000190</subfield>
    </datafield>
    <datafield tag="245" ind1="1" ind2="#">
      <subfield code="a">PANDUAN PRAKTIS MENGURUS PAJAK SECARA ONLINE :</subfield>
      <subfield code="b">DAFTAR, BAYAR, LAPOR /</subfield>
      <subfield code="c">Dr. Nufransa Wira Sakti, S.Kom., M.Ec</subfield>
    </datafield>
    <datafield tag="100" ind1=" " ind2="#">
      <subfield code="a">Nufransa Wira Sakti</subfield>
    </datafield>
    <datafield tag="250" ind1="#" ind2="#">
      <subfield code="a">Ed. 1</subfield>
    </datafield>
    <datafield tag="300" ind1="#" ind2="#">
      <subfield code="a">214 hlm :</subfield>
      <subfield code="b">Ilus ;</subfield>
      <subfield code="c">15x18 cm</subfield>
    </datafield>
    <datafield tag="260" ind1="#" ind2="#">
      <subfield code="a">Jakarta :</subfield>
      <subfield code="b">Visimedia,</subfield>
      <subfield code="c">2015</subfield>
    </datafield>
    <datafield tag="082" ind1="#" ind2="#">
      <subfield code="a">336.2</subfield>
    </datafield>
    <datafield tag="084" ind1="#" ind2="#">
      <subfield code="a">336.2 NUF p</subfield>
    </datafield>
    <datafield tag="020" ind1="#" ind2="#">
      <subfield code="a">979-065-233-x</subfield>
    </datafield>
    <datafield tag="650" ind1="#" ind2="#">
      <subfield code="a">Pajak, Perpajakan</subfield>
    </datafield>
  </record>
</collection>
